Statistics for World Capital Cities named after Rivers

Click here to take the quiz!

General Stats

  • This quiz has been taken 140 times
    (119 since last reset)
  • The average score is 3 of 9

Answer Stats

ContinentCity% Correct
EuropeMoscow - Moskva River
82%
EuropeAmsterdam - Amstel River
61%
EuropeMinsk - Měn River
48%
North AmericaOttawa - Ottawa River
48%
EuropeLjubljana - Ljubljanica River
28%
EuropeVilnius - Vilnia River
28%
North AmericaBelmopan - Belize River and Mopan River
17%
AfricaBangui - Ubangi River
8%
AfricaLilongwe - Lilongwe River
5%

Score Distribution

Percentile by Number Answered

Percent of People with Each Score

Your Score History

You have not taken this quiz since the last reset